Представление документа в формате MARC21

Поле Инд. ПП Название Значение
Тип записи a
Библиографический уровень m
001 Контрольный номер a6e8fd69-a13a-481d-ad13-6fcd42a3aa8e
005 Дата корректировки 20140226172949.5
008 Кодируемые данные 20010201s?a aznnnabbn zn aan
020 a ISBN 5-02-024468-6 (в пер.)
c Цена, тираж 3.70
040 a Служба первич. каталог. RU-RKP
a Служба первич. каталог. НБ ТвГУ
041 a Код языка текста rus
080 a Индекс УДК 541.49.057
084 a Индекс другой классификации/Индекс ББК Г116.6
090 x Авторский знак К89
a Полочн. индекс Г116.6
100 1_ a Автор Кукушкин Вадим Юрьевич
245 00 a Заглавие Теория и практика синтеза координационных соединений
c Ответственность В. Ю. Кукушкин, Ю. Н. Кукушкин; Под ред. Н. М. Жаворонкова; АН СССР, Отд-ние физикохимии и технологии неорган. материалов
260 0_ a Место издания Л.
b Издательство Наука
c Дата издания 1990
300 a Объем 259,[1] с.
b Иллюстрации/ тип воспроизводства ил.
c Размеры 22 см
504 a Библиография Библиогр. в конце глав.
650 a Основная рубрика Комплексные соединения
x Основная подрубрика Синтез
700 1_ a Другие авторы Кукушкин Юрий Николаевич
e Роль лиц авт.
700 1_ a Другие авторы Жаворонков Н. М.
e Роль лиц ред.
852 t Порядковый номер экземпляра 1
p Инвентарный номер 622885
999 a Подразделение 2 Фил3